| 000 | 00643nam a22002177a 4500 | ||
|---|---|---|---|
| 005 | 20170124110148.0 | ||
| 010 | _aA-297071 | ||
| 020 |
_c00.00 _a8121902045 |
||
| 035 | _aA-297071 | ||
| 037 | _bCen Lib/Ret | ||
| 040 |
_aDPL _bEN |
||
| 082 |
_a658 _bMIC |
||
| 100 |
_aMichael, V.P. _933778 |
||
| 245 |
_aBusiness policy and environment / _cby V.P.Michael |
||
| 260 |
_aNew Delhi _bS.Chand & Company _c1987 |
||
| 270 |
_aRam Nagar _bNew Delhi _e110055 |
||
| 300 |
_aviii,366p. _c19cm(Hb) |
||
| 650 |
_aBusiness environment _933779 |
||
| 650 |
_aAdministration and control of policy _933780 |
||
| 942 |
_2ddc _cEN _h658 _mMIC |
||
| 999 |
_c132128 _d132128 |
||